The Travel notes of Yu Dafu (Chinese Edition) / (Record no. 591786)

000 -LEADER
fixed length control field 00372nam a22001337a 4500
020 ## - INTERNATIONAL STANDARD BOOK NUMBER
International Standard Book Number 9787547036211
082 ## - DEWEY DECIMAL CLASSIFICATION NUMBER
Classification number 951
100 ## - MAIN ENTRY--PERSONAL NAME
Personal name Yu, Dafu
245 ## - TITLE STATEMENT
Title The Travel notes of Yu Dafu (Chinese Edition) /
Statement of responsibility, etc. Dafu Yu
260 ## - PUBLICATION, DISTRIBUTION, ETC.
Place of publication, distribution, etc. China :
Name of publisher, distributor, etc. Volumes Publishing House,
Date of publication, distribution, etc. 2015.
300 ## - PHYSICAL DESCRIPTION
Extent 197 p. ;
Dimensions 22 cm.
880 ## - ALTERNATE GRAPHIC REPRESENTATION
Linkage 245-02\r
Title 于大富游记 /
942 ## - ADDED ENTRY ELEMENTS (KOHA)
Source of classification or shelving scheme
Koha item type Book
Holdings
Withdrawn status Lost status Source of classification or shelving scheme Damaged status Not for loan Permanent Location Current Location Shelving location Date acquired Source of acquisition Total Checkouts Full call number Barcode Date last seen Price effective from Koha item type
          Central Library (CL) Central Library (CL) Chinese Studies 10/13/2022 Donated by Chinese Edition   951 DAF CL-D-2091 10/13/2022 10/13/2022 Book
© 2023 Central Library, National University of Sciences and Technology. All Rights Reserved.